| 000 | 00779nam a2200253 a 4500 | ||
|---|---|---|---|
| 001 | BRL_535 | ||
| 005 | 20190320210805.0 | ||
| 008 | 020913s1944----nyua######---#000-0#eng-# | ||
| 041 | _aeng | ||
| 044 | _anyu | ||
| 050 | 4 |
_aF3429.1.C89 _b.F45 1944 |
|
| 100 | 1 |
_aFejos, Paul _924228 |
|
| 245 | 1 | 0 |
_aArcheological explorations in the Cordillera Vilcabamba, southeastern Peru _cPaul Fejos. |
| 260 |
_aNew York _bViking Fund _c1944 |
||
| 300 |
_a75 p. _bil., mapas _c26 cm. |
||
| 440 | 0 |
_aViking fund publications in anthropology _vno.3 _924229 |
|
| 500 | _aAu621 | ||
| 500 | _aBibliografía: p. 67 | ||
| 650 | 1 | 4 |
_aAntropología. _924230 |
| 651 | 4 |
_aCuzco (Perú) _xAntigüedades _924231 |
|
| 651 | 4 |
_aRio Urubamba (Peru) _xAntigüedades _924232 |
|
| 902 | _aGRL | ||
| 942 |
_2lcc _cB |
||
| 999 |
_c9347 _d9347 |
||